Olivia Rodrigo song lyrics - No hints ! @8 - Statistics

General Stats
  • This quiz has been taken 150 times
  • The average score is 164 of 360
Answer Stats
Answer % Correct
I
97%
you
92%
You
92%
a
90%
mm
88%
love
81%
the
81%
he
74%
me
72%
to
71%
And
68%
and
68%
when
68%
do
66%
your
65%
my
64%
is
62%
so
61%
it
58%
all
57%
I'm
57%
know
56%
that
56%
but
54%
But
54%
for
54%
like
54%
no
52%
him
51%
in
49%
girl"
48%
too
48%
can
46%
don't
45%
what
45%
one
44%
think
44%
Think
44%
good
42%
not
42%
as
41%
can't
41%
Just
41%
just
41%
got
39%
If
39%
"If
39%
if
39%
his
38%
it's
38%
boy
36%
never
36%
of
35%
there
35%
I'll
33%
were
33%
I'd
32%
(I'd
32%
well
31%
bad
30%
told
30%
would
30%
tell
28%
He's
27%
he's
27%
much
27%
life"
25%
About
24%
heart
24%
night
24%
Yeah
24%
man
23%
man)
23%
fine
21%
kind
21%
(kind
21%
let
21%
day
20%
mind
20%
change
19%
god
19%
need
19%
without
19%
(without
19%
honest
18%
myself
18%
really
18%
someone
18%
going
17%
prison
17%
being
16%
you'll
16%
calls
15%
hell
15%
wouldn't
15%
even
14%
save
14%
forget
13%
hurts
13%
saving
13%
sweet
13%
through
13%
anything
12%
around
12%
"baby
12%
comes
12%
feminist
12%
hands
12%
knows
12%
obviously
12%
protect
12%
protection
12%
protection)
12%
parents
11%
anybody
10%
assured
10%
fun
10%
fun)
10%
guys
10%
hot
10%
keep
10%
marry
10%
money
10%
rest
10%
truck
10%
arm
9%
babe
9%
chevy
9%
safe
9%
send
9%
curls
8%
damsel
8%
distress
8%
fantasize
8%
jail
8%
letters
8%
pretending
8%
run
8%
assertiveness
7%
robbers
7%
Wrap
6%
No matching quizzes found
Score Distribution
Percent of People with Each Score
Percentile by Number Answered
Your Score History
You have not taken this quiz